Siedziby gmin Grenlandii - Statystyki

Ogólne statystyki
  • Ten quiz został rozwiązany 3 razy
  • Średni wynik to 2 z 5
Statystyki odpowiedzi
Gmina Odpowiedź % Poprawnych
Sermersooq Nuuk
100%
Avannaata Ilulissat
33%
Kujalleq Qaqortoq
33%
Qeqertalik Aasiaat
0%
Qeqqata Sisimiut
0%
Nie znaleziono quizów pasujących do podanych kryteriów
Rozkład punktacji
Procent ludzi z każdym wynikiem
Percentyl według liczby udzielonych odpowiedzi
Twoja historia wyników
Nie rozwiązałeś tego quizu